| 000 | 00433 a2200145 4500 | ||
|---|---|---|---|
| 005 | 20250613131246.0 | ||
| 020 | _a978-1-915469-41-0 | ||
| 082 | _a346.7 MAV | ||
| 100 | _aMAVRIKAKIS, A. | ||
| 245 | _aBusiness Law and Practice 2023/24 | ||
| 260 |
_aPortsmouth, _bCollege of Law Publishing, _c2023. |
||
| 300 |
_axxxviii, 577p.: ill.; figure, table. _bIndex. _c30cm. |
||
| 700 | _aALLISON, S, KEMPTON, J. & HANCOCK, N. | ||
| 942 |
_2ddc _cBKS |
||
| 999 |
_c3992 _d3992 |
||